Hainburg Ostroma Hadtörténelmi Tanulmány Mátyás Király 1482-ik Évi, III. Frigyes Császár Ellen Viselt Hadjáratából. A kolozsvári, Fadrusz János Által Alkotott "Mátyás Szobor" Leleolezése Alkalmából

Bibliographic Details
Main Author: Ungvárd, Béla (Author)
Corporate Author: K. F. Wigand, úč. spol. (Bratislava, Slovensko) (Printer)
Format: Book
Language:Hungarian
PhysicalDescription:46, [1] s. mapa 22 cm [1] s.
Published: Pozsony Wigand F. K. Könyvnyomdája 1901
Subjects:

MARC

LEADER 00000nam a2200000 a 4500
001 vtls011834660
003 SK-MaSNL
005 20260301143906.0
008 240318s1901 xo b 0 an0 hun
015 |a SNBA1901 
040 |a SNKHF  |b slo  |c SNK  |e AACR2 
041 0 |a hun 
044 |a xo  |c SK 
072 7 |a 355/359  |x Vojenstvo. Obrana krajiny. Ozbrojené sily  |2 konspekt 
080 |a 355.4(091)  |2 2011 
100 1 |a Ungvárd, Béla  |4 aut  |9 501488 
245 1 0 |a Hainburg Ostroma  |b Hadtörténelmi Tanulmány Mátyás Király 1482-ik Évi, III. Frigyes Császár Ellen Viselt Hadjáratából. A kolozsvári, Fadrusz János Által Alkotott "Mátyás Szobor" Leleolezése Alkalmából  |c Írta Öthalmi Ungárd Béla, Cs. És kir. Főhadnagy, beosztva A vezérkarhoz, A Pozsonyi IV-ik Honvéd Kerületi Parancsnokságnál 
260 |a Pozsony  |b Wigand F. K. Könyvnyomdája  |c 1901 
300 |a 46, [1] s.  |b mapa  |c 22 cm  |e [1] s. 
500 |a Mapa obliehania Hainburgu 
504 |a Neživé záhlavie 
648 7 |a 1482  |2 SNK  |9 501489 
650 0 7 |a vojenské dejiny  |2 SNKPH  |9 70411 
651 7 |a Hainburg (Rakúsko)  |2 SNKPHgeo  |9 501490 
655 7 |a vojenské obliehanie  |2 SNKPH  |9 501491 
710 2 |a K. F. Wigand, úč. spol. (Bratislava, Slovensko),  |d 1867-1950  |4 prt  |9 269496 
752 |a Slovensko  |d Bratislava 
852 |a SNK  |p SC 28790 
999 |c 775145  |d 777075 
952 |a SNK  |b SNK  |y PREZ  |7 0  |p 17A0927199  |o snkSC 28790  |i snkK 2644/1972  |8 3  |0 0  |1 0  |4 0  |d 2019-01-17  |l 0  |r 2025-09-18 00:00:00  |w 2026-02-24